Les Pokémon qui ont plus d'apparitions dans Pokémon, la Série - Statistiques

Statistiques générales
  • Ce quiz a été pris 62 fois
  • Le résultat moyen est 48 sur 150
Statistiques - réponses
Pokémon Nb % Correct
1 Pikachu 1250
100%
8 Dracaufeu 168
90%
15 Carapuce 139
83%
2 Miaouss 1017
81%
7 Bulbizarre 176
79%
94 Salamèche 57
77%
24 Papilusion 106
67%
39 Onix 87
60%
3 Qulbutoké 707
60%
75 Roucoups 65
60%
14 Arbok 143
58%
10 Évoli 157
58%
59 Racaillou 73
58%
22 Smogogo 111
58%
5 Tiplouf 202
58%
76 Ouisticram 65
54%
4 Togepi 234
54%
47 Chenipan 80
52%
38 Dracolosse 90
52%
49 Ectoplasma 79
52%
31 Kaiminus 92
52%
68 Léviator 69
52%
77 Tortipouss 65
52%
87 Lokhlass 60
50%
23 Stari 110
50%
125 Persian 48
48%
70 Rattata 68
48%
57 Héricendre 74
46%
127 Poussifeu 47
46%
44 Ronflex 83
46%
105 Goupix 54
44%
17 Goupix d'Alola 124
44%
40 Magicarpe 87
44%
46 Roucool 82
44%
26 Leveinard 99
42%
71 Noarfang 67
42%
6 Psykokwak 194
42%
110 Staross 52
42%
86 Tauros 61
42%
113 Grotadmorv 51
40%
137 Pichu 45
40%
124 Aspicot 48
38%
34 Caninos 91
38%
128 Germignon 47
38%
66 Lucario 70
38%
25 Moustillon 103
38%
97 Papinox 57
38%
45 Empiflor 82
35%
95 Macronium 57
35%
142 Massko 44
35%
101 Nosferapti 55
35%
80 Rondoudou 65
35%
12 Séviper 151
35%
85 Vipélierre 61
35%
19 Brindibou 117
33%
134 Étouraptor 45
33%
96 Gobou 57
33%
89 Hélédelle 60
33%
18 Mystherbe 118
33%
90 Noctali 60
33%
129 Nosferalto 47
33%
82 Piafabec 63
33%
56 Capumain 74
31%
13 Coupenotte 145
31%
42 Dardargnan 84
31%
11 Dedenne 151
31%
131 Feunnec 46
31%
103 Galifeu 54
31%
20 Mime Jr. 113
31%
136 Riolu 45
31%
29 Cacnéa 95
29%
27 Écrapince 98
29%
112 Emolga 51
29%
55 Poissirène 76
29%
79 Scarhino 65
29%
83 Charmillon 62
27%
107 Chartor 53
27%
63 Étourvol 70
27%
111 Grodoudou 52
27%
114 Insécateur 51
27%
147 Machoc 44
27%
84 Machopeur 62
27%
37 Mustébouée 90
27%
43 Pachirisu 83
27%
115 Roussil 50
27%
98 Carchacrok 57
25%
48 Chétiflor 80
25%
73 Feuillajou 66
25%
126 Flamiaou 47
25%
61 Magnéti 72
25%
32 Marill 92
25%
72 M.Mime 67
25%
30 Otaquin 93
25%
135 Scorvol 45
25%
62 Brutalibré 71
23%
21 Cradopaud 112
23%
28 Laporeille 97
23%
138 Mackogneur 45
23%
100 Matoufeu 55
23%
132 Mimiqui 46
23%
139 Nidoran♀ 45
23%
140 Nidoran♂ 45
23%
91 Nirondelle 59
23%
50 Ossatueur d'Alola 78
23%
52 Ouistempo 76
23%
119 Pyrobut 49
23%
148 Scarabrute 44
23%
51 Têtarte 78
23%
102 Éoko 54
21%
41 Marisson 86
21%
93 Mimitoss 58
21%
54 Simularbre 76
21%
16 Togedemaru 135
21%
65 Vortente 70
21%
144 Yanmega 44
21%
118 Élekid 50
19%
58 Goinfrex 74
19%
33 Lougaroc 91
19%
109 Pandespiègle 52
19%
92 Poichigeon 58
19%
88 Ptiravi 60
19%
35 Ptitard 91
19%
53 Sapereau 76
19%
36 Boumata 90
17%
69 Chelours 68
17%
67 Sepiatop 69
17%
141 Zygarde 44
17%
120 Baggiguane 49
15%
145 Bekipan 44
15%
81 Candine 64
15%
143 Chovsourir 44
15%
99 Férosinge 57
15%
123 Foretress 48
15%
149 Mascaïman 44
15%
78 Passerouge 65
15%
64 Skitty 70
15%
60 Goélise 73
13%
9 Motisma 157
13%
133 Ursaring 46
13%
116 Corayon 50
10%
146 Nénupiot 44
10%
108 Ramoloss 53
10%
106 Sucreine 53
10%
104 Ratentif 54
8%
74 Axoloto 66
6%
121 Fouinette 49
6%
130 Granivol 47
6%
150 Maraiste 44
6%
122 Voltoutou 48
6%
117 Dodoala 50
4%
Aucun quiz correspondant
Distribution des résultats
% des personnes avec chaque résultat
Percentile par nombre de réponses
Votre historique - résultats
Vous n’avez pas pris ce quiz